| 000 | 00573nam a2200121Ia 4500 | ||
|---|---|---|---|
| 008 | 220620s9999||||xx |||||||||||||| ||und|| | ||
| 245 | 0 |
_aNew Countries _bCapitalism, Revolutions, and Nations in the Americas, 1750-1870 |
|
| 546 | _aEnglish[eng] | ||
| 650 | _aHistory||Brazil||Mexico||Slavery||Spain||United States | ||
| 700 | _aTutino, John | ||
| 856 | _uhttps://library.oapen.org/bitstream/20.500.12657/31753/1/625281.pdf||https://library.oapen.org/bitstream/20.500.12657/31753/1/625281.pdf||https://library.oapen.org/bitstream/20.500.12657/31753/1/625281.pdf | ||
| 942 | _cEB | ||
| 999 |
_c24992 _d24992 |
||